Catálogo
 En Linea

Tratado de Tordesilhas. (Registro nro. 44513)

Detalles MARC
000 -CABECERA
campo de control de longitud fija 00365nam a2200133 a 4500
001 - NÚMERO DE CONTROL
campo de control 000045024
005 - FECHA Y HORA DE LA ÚLTIMA TRANSACCIÓN
campo de control 20201002045819.0
008 - DATOS DE LONGITUD FIJA--INFORMACIÓN GENERAL
campo de control de longitud fija 150129s1994 po c 000 0 spa d
020 ## - NÚMERO INTERNACIONAL ESTÁNDAR DEL LIBRO
Número Internacional Estándar del Libro 9157308
040 ## - FUENTE DE LA CATALOGACIÓN
Centro catalogador/agencia de origen DO-SdBNP
Lengua de catalogación spa
Centro/agencia transcriptor BNPHU
245 00 - MENCIÓN DE TÍTULO
Título Tratado de Tordesilhas.
260 ## - PUBLICACIÓN, DISTRIBUCIÓN, ETC.
Lugar de publicación, distribución, etc. Lisboa, Portugal, :
Nombre del editor, distribuidor, etc. Banc Bilbao Vizcaya,
Fecha de publicación, distribución, etc. 1994.
300 ## - DESCRIPCIÓN FÍSICA
Extensión 295+ :
Otras características físicas retr. ;
Dimensiones 30 cm.
Existencias
Estado de retiro Estado de pérdida Restricciones de uso No para préstamo Código de colección Localización permanente Ubicación/localización actual Ubicación en estantería Fecha de adquisición Número de inventario Total de préstamos Signatura topográfica completa Código de barras Fecha visto por última vez Precio válido a partir de Tipo de ítem Koha
      Excluido de préstamo Monografías: Libros y Folletos General General En catalogación 29.01.2015 LF1   45024-10 25.06.2020 25.06.2020 No se presta

Con tecnología Koha